00341nam a2200121Ia 4500003000400000008004100004040001600045082001800061100001900079245005500098260005600153300001000209GCL140319s9999 xx 000 0 eng d aGCL / cGCL04a664.0287bM F1 aMALHLOUTHI, M10aFOOD PACKAGING AND PRESERWATION / cMALHLOUTHI, M a[S.N] : bBLACKIE ACADEMIC & PROFESSIONAL ، c1994 a275 P